000 00323nam a2200133Ia 4500
008 100328s9999 xx 000 0 und d
082 _b37857
100 _aराजे शैलजा
245 _aइभ्रत
260 _bअमोल
630 _aइभ्रत
730 _aइभ्रत
942 _cBOOK
999 _c527185
_d527182